000 00436cam a2200169ua 4500
020 _c7.35
041 _aeng
_h
082 _a828.308
_bSTR/BA
100 _aStreatfield, Noel .
245 _aBallet shoes: A story of three children on the stage /
_cNoel Streatfield.
_hTextual Documents
260 _a :
_bDent Pennant books ,
_c1984.
300 _a ; .
365 _a7.35
504 _a
942 _cBK
999 _c7680
_d7680